| 000 | 01330nas a2200445 4500 | ||
|---|---|---|---|
| 001 | BR7803562 | ||
| 003 | BR-BrBNA | ||
| 005 | 20231205083445.0 | ||
| 007 | ta | ||
| 008 | 230509b bl.|||p| |||| 00| 00por d | ||
| 040 |
_aBR-BrBNA _bpor _cBiblioteca Nacional de Agricultura |
||
| 041 | _a(Pt) | ||
| 072 | _aF60 | ||
| 100 | 1 | _aMalavolta, E. | |
| 100 | 1 | _aRuschel, A.P. | |
| 100 | 1 | _aMedeiros, A.A. | |
| 100 | 1 | _aVeiga, C.L. | |
| 100 | 1 | _aSturion, A.C. | |
| 100 | 1 | _aKrug, F.J. | |
| 100 | 1 | _aEscobar, L.A. | |
| 100 | 1 | _aIgarashi, L. | |
| 100 | 1 | _aAccorsi, W.R. | |
| 100 | 1 | _aBarros, M.A.A. | |
| 100 | 1 | _aSilva, A.C. da | |
| 100 | 1 | _aCarvalho, J.G. | |
| 100 | 1 | _aBellote, A.F.J. | |
| 100 | 1 | _aCarriel, J.M. | |
| 100 | 1 | _aGeraldi, R.N. | |
| 100 | 1 | _aEimori, I. | |
| 245 | 1 | _aEfeitos da nutricao mineral sobre o crescimento, aspecto, composicao elementar e fixacao de nitrogenio em Azolla [Planta aquatica] | |
| 650 | _aFisiologia vegetal | ||
| 650 | _aPlanta aquatica | ||
| 650 | _aNutricao vegetal | ||
| 650 | _aCrescimento | ||
| 650 | _aFixacao de nitrogenio | ||
| 650 | _aMateria seca | ||
| 773 | 0 |
_tAnais da Escola Superior de Agricultura Luiz de Queiroz (Brazil) _xISSN 0071-1276 _g(1978), v. 35(35) p. 51-75 _wBR7803562 |
|
| 909 |
_a202311 _bLúcia _c55 _dLúcia Elande |
||
| 942 |
_2AGRIS _n0 _cANA |
||
| 999 |
_c98896 _d98896 |
||